[Event "Bez EM 2007"]
[Site "Osterode"]
[Date "2007.09.28"]
[Round "1.3"]
[White "Geers, Bernhard"]
[Black "Marks, Udo"]
[Result "1-0"]
[WhiteElo "1966"]
[BlackElo "1723"]
[PlyCount "111"]
[EventDate "2007.??.??"]
[EventType "swiss"]
[EventRounds "5"]
[EventCountry "GER"]

1. d4 f5 2. Bg5 g6 3. e3 Bg7 4. c4 Nf6 5. Nc3 O-O 6. Bd3 d6 7. h4 h6 8. Bxf6
Bxf6 9. g4 e5 10. gxf5 exd4 11. Nd5 dxe3 12. Nxe3 Bxb2 13. Rb1 Bc3+ 14. Kf1 Nc6
15. Ne2 Bd4 16. Nxd4 Nxd4 17. Qg4 Qf6 18. Nd5 Qg7 19. f6 Bxg4 20. fxg7 Rf3 21.
Bxg6 Kxg7 22. Rg1 Kxg6 23. Rxg4+ Kf5 24. Rxd4 Rf8 25. Rb3 Ke5 26. Rd2 Rxb3 27.
axb3 Rf3 28. Re2+ Kd4 29. Re3 Rf7 30. Re7 Rf3 31. Re3 Rf7 32. Ke2 c6 33. Rd3+
Kc5 34. Ne3 Rf4 35. Ng2 Re4+ 36. Kd2 d5 37. cxd5 cxd5 38. f4 h5 39. f5 Rg4 40.
Ne1 Rxh4 41. Rf3 Rh2+ 42. Kd3 Rb2 43. Kc3 Re2 44. f6 Re8 45. Nd3+ Kd6 46. Nf4
Rf8 47. Nxh5 Ke5 48. Re3+ Kf5 49. Kd4 b5 50. Re5+ Kg6 51. Rxd5 a5 52. b4 Ra8
53. Ke5 Kxh5 54. Kf5 a4 55. Rd2 Kh4 56. Ra2 1-0

[Event "Bez EM 2007"]
[Site "Osterode"]
[Date "2007.09.28"]
[Round "1.10"]
[White "Renziehausen, Klaus"]
[Black "Wilting, Alexander"]
[Result "0-1"]
[WhiteElo "1467"]
[BlackElo "1836"]
[PlyCount "68"]
[EventDate "2007.??.??"]
[EventType "swiss"]
[EventRounds "5"]
[EventCountry "GER"]

1. e4 e5 2. Nf3 Nf6 3. d3 Nc6 4. Be2 d5 5. exd5 Nxd5 6. Bd2 Bd6 7. Nc3 Nxc3 8.
Bxc3 O-O 9. Qd2 b5 10. a3 Bb7 11. O-O Nd4 12. Bxd4 exd4 13. Qg5 c5 14. Qxd8
Raxd8 15. b4 Rfe8 16. Bd1 cxb4 17. axb4 Bxb4 18. Rxa7 Re7 19. h3 h6 20. Kh2 Kf8
21. Rg1 Bxf3 22. Rxe7 Kxe7 23. Bxf3 Rc8 24. Bd1 Bd2 25. g4 g5 26. Kg3 b4 27.
Kf3 Kd6 28. Ke4 Kc5 29. Ke5 Rc6 30. Rh1 Re6+ 31. Kf5 Kd6 32. h4 Ke7 33. hxg5
hxg5 34. Rg1 Bf4 0-1

[Event "Bez EM 2007"]
[Site "Osterode"]
[Date "2007.09.28"]
[Round "1.11"]
[White "Rüggeberg, Jan"]
[Black "Thiele, Olaf"]
[Result "1-0"]
[WhiteElo "1824"]
[BlackElo "1384"]
[PlyCount "91"]
[EventDate "2007.??.??"]
[EventType "swiss"]
[EventRounds "5"]
[EventCountry "GER"]

1. b3 d5 2. Bb2 e6 3. e3 f5 4. h4 Nf6 5. h5 Nbd7 6. c4 c6 7. Nf3 Bd6 8. Nc3 Qe7
9. Nh4 Ba3 10. Qc1 Bxb2 11. Qxb2 Nc5 12. Be2 Nfe4 13. Nxe4 Nxe4 14. h6 Rg8 15.
Bh5+ Kd8 16. hxg7 Qxg7 17. Qxg7 Rxg7 18. d3 Nf6 19. Be2 Bd7 20. g3 Kc7 21. Nf3
Ng4 22. Nd2 Nf6 23. Nf3 Ng4 24. Nd2 Nf6 25. O-O-O Rf8 26. Rh6 Rg6 27. Rdh1 Rfg8
28. Kd1 a6 29. Ke1 dxc4 30. Nxc4 Be8 31. Ne5 Rxh6 32. Rxh6 Bg6 33. b4 Kd6 34.
Nc4+ Kc7 35. Kd2 Nd5 36. a3 b5 37. Na5 Kb6 38. Nb3 Nc7 39. Rh1 Bf7 40. Bf3 e5
41. Nc5 Bd5 42. e4 fxe4 43. Nxe4 a5 44. Rh5 axb4 45. axb4 Re8 46. g4 1-0

[Event "Bez EM 2007"]
[Site "Osterode"]
[Date "2007.09.28"]
[Round "1.6"]
[White "Geiser, Kirsten-Horst"]
[Black "Tietze, Manfred"]
[Result "1-0"]
[WhiteElo "1623"]
[BlackElo "1896"]
[PlyCount "53"]
[EventDate "2007.??.??"]
[EventType "swiss"]
[EventRounds "5"]
[EventCountry "GER"]

1. c4 e5 2. Nc3 Nf6 3. e4 Bc5 4. d3 d6 5. Be2 h6 6. Be3 Bxe3 7. fxe3 O-O 8. Nf3
c6 9. O-O Qe7 10. Qc2 Nbd7 11. Rae1 Re8 12. Bd1 Nf8 13. d4 Ng6 14. d5 c5 15.
Ne2 Qc7 16. Ng3 Bd7 17. Nd2 b5 18. Nf5 Kh7 19. g4 bxc4 20. Nxc4 Bb5 21. Nfxd6
Reb8 22. Nxb5 Rxb5 23. b3 Ne8 24. Qf2 f6 25. h4 Nd6 26. Nxd6 Qxd6 27. Qf5 1-0

[Event "Bez EM 2007"]
[Site "Osterode"]
[Date "2007.09.28"]
[Round "1.7"]
[White "Schubert, Matthias"]
[Black "Beulshausen, Ralf"]
[Result "0-1"]
[WhiteElo "1891"]
[BlackElo "1604"]
[PlyCount "62"]
[EventDate "2007.??.??"]
[EventType "swiss"]
[EventRounds "5"]
[EventCountry "GER"]

1. e4 e6 2. d4 d5 3. Nc3 Nf6 4. Bg5 Be7 5. e5 Nfd7 6. Bxe7 Qxe7 7. f4 a6 8. Nf3
c5 9. Qd2 Nc6 10. O-O-O c4 11. g4 b5 12. f5 Nb6 13. Bh3 b4 14. Ne2 Na4 15. c3
Rb8 16. Rhf1 bxc3 17. Nxc3 Rxb2 18. Qxb2 Nxb2 19. Kxb2 Qb4+ 20. Kc2 Bd7 21.
fxe6 fxe6 22. Ng5 Qa3 23. Rf3 Nb4+ 24. Kd2 h6 25. Nf7 O-O 26. Rdf1 Qb2+ 27. Kd1
Nd3 28. Nxh6+ Kh7 29. Rxf8 Qxc3 30. Nf7 Qb2 31. Rh8+ Kg6 0-1

[Event "Bez EM 2007"]
[Site "Osterode"]
[Date "2007.09.28"]
[Round "1.9"]
[White "Braun, Ingram"]
[Black "Weiser, Klaus-Dieter"]
[Result "1-0"]
[WhiteElo "1841"]
[BlackElo "1474"]
[PlyCount "65"]
[EventDate "2007.??.??"]
[EventType "swiss"]
[EventRounds "5"]
[EventCountry "GER"]

1. e4 e6 2. f4 d5 3. e5 Be7 4. Nf3 f6 5. d4 c5 6. c3 Bd7 7. Bd3 Nc6 8. O-O Qb6
9. Kh1 cxd4 10. Nxd4 O-O-O 11. Nxc6 Bxc6 12. Qe2 f5 13. Be3 Bc5 14. Bxc5 Qxc5
15. Nd2 Ne7 16. Nf3 h6 17. Rfc1 Ng6 18. Qd2 Kb8 19. b4 Qb6 20. Nd4 Rhe8 21. a4
Qc7 22. a5 Rc8 23. b5 Bd7 24. b6 Qc5 25. a6 axb6 26. axb7 Rcd8 27. Ba6 Bc6 28.
Nb3 Qe7 29. c4 Qb4 30. cxd5 Rxd5 31. Qxb4 Red8 32. Bb5 Rd1+ 33. Rxd1 1-0

[Event "Bez EM 2007"]
[Site "Osterode"]
[Date "2007.09.28"]
[Round "1.5"]
[White "Jacobi, Felix-Hagen"]
[Black "Grosse, Stefan"]
[Result "1-0"]
[WhiteElo "1914"]
[BlackElo "1673"]
[PlyCount "57"]
[EventDate "2007.??.??"]
[EventType "swiss"]
[EventRounds "5"]
[EventCountry "GER"]

1. e4 c5 2. f4 e6 3. Nf3 d5 4. e5 d4 5. c3 Nc6 6. Bb5 Nge7 7. Qa4 h5 8. cxd4
Qb6 9. dxc5 Qxc5 10. Nc3 Nf5 11. d4 Qb6 12. Bd2 Bd7 13. d5 exd5 14. Nxd5 Qd8
15. Rc1 Rc8 16. Qe4 Be7 17. O-O Rh6 18. Kh1 Nxe5 19. Qxe5 Bxb5 20. Qxf5 Bd7 21.
Qe5 Re6 22. Nc7+ Rxc7 23. Qxc7 Qxc7 24. Rxc7 Bc6 25. Re1 Rxe1+ 26. Nxe1 Kd8 27.
Ba5 Ke8 28. Nd3 Bd6 29. Rc8+ 1-0

[Event "Bez EM 2007"]
[Site "Osterode"]
[Date "2007.09.28"]
[Round "1.1"]
[White "Markgraf, Stefan"]
[Black "Wiegand, Christian"]
[Result "1-0"]
[WhiteElo "2097"]
[BlackElo "1779"]
[PlyCount "85"]
[EventDate "2007.??.??"]
[EventType "swiss"]
[EventRounds "5"]
[EventCountry "GER"]

1. e4 c5 2. c3 Nf6 3. e5 Nd5 4. Bc4 e6 5. d4 cxd4 6. Bxd5 exd5 7. cxd4 Bb4+ 8.
Nc3 d6 9. exd6 Qxd6 10. Nf3 O-O 11. O-O Bg4 12. Qd3 f6 13. Nb5 Qd7 14. Bf4 Bxf3
15. gxf3 Nc6 16. a3 Ba5 17. b4 Bb6 18. Bd6 Rfd8 19. Bc5 Bc7 20. Nxc7 Qxc7 21.
b5 Ne7 22. Qe3 Ng6 23. Qe6+ Qf7 24. Rfe1 Re8 25. Qxf7+ Kxf7 26. Rxe8 Kxe8 27.
Kg2 Nf4+ 28. Kg3 Ne6 29. f4 b6 30. Bb4 Kd7 31. Rd1 f5 32. Re1 Re8 33. Re5 Nc7
34. Rxf5 Ke6 35. Re5+ Kf7 36. a4 Rxe5 37. fxe5 Ne8 38. Kg4 Ke6 39. Kg5 Kd7 40.
f4 Nc7 41. f5 Ne8 42. h4 Nc7 43. h5 1-0

[Event "Bez EM 2007"]
[Site "Osterode"]
[Date "2007.09.28"]
[Round "1.4"]
[White "Krumschmidt, Michael"]
[Black "Helmke, Carsten"]
[Result "0-1"]
[WhiteElo "1708"]
[BlackElo "1992"]
[PlyCount "100"]
[EventDate "2007.??.??"]
[EventType "swiss"]
[EventRounds "5"]
[EventCountry "GER"]

1. d4 Nf6 2. c4 e6 3. Nf3 d5 4. Nc3 Be7 5. Bg5 O-O 6. e3 h6 7. Bh4 b6 8. Be2
Bb7 9. O-O Nbd7 10. Rc1 Rc8 11. h3 c5 12. b3 cxd4 13. exd4 dxc4 14. Bxc4 Ba3
15. Rc2 a6 16. Nb1 Bd6 17. a4 Qc7 18. Qe2 Qb8 19. Bxf6 Nxf6 20. Ne5 Be4 21.
Rcc1 Bxe5 22. dxe5 Qxe5 23. Bxa6 Rxc1 24. Rxc1 Qg5 25. Qf1 Bxg2 26. f4 Bxf1+
27. fxg5 Bxa6 28. gxf6 gxf6 29. Rc6 Rb8 30. Na3 Bd3 31. Rd6 Be4 32. Nc4 b5 33.
Nd2 Bd5 34. a5 Kf8 35. b4 Ke7 36. Ra6 f5 37. Ra7+ Rb7 38. Ra8 Rc7 39. Rb8 Rc2
40. Nb3 Bxb3 41. Rxb5 Bd5 42. a6 Rg2+ 43. Kf1 Bc4+ 44. Kxg2 Bxb5 45. a7 Bc6+
46. Kg3 e5 47. b5 Bd5 48. Kh4 f4 49. Kg4 f3 50. Kg3 f5 0-1

[Event "Bez EM 2007"]
[Site "Osterode"]
[Date "2007.09.28"]
[Round "1.8"]
[White "Henke, Wolfgang"]
[Black "Seifart, Mario"]
[Result "0-1"]
[WhiteElo "1600"]
[BlackElo "1846"]
[PlyCount "120"]
[EventDate "2007.??.??"]
[EventType "swiss"]
[EventRounds "5"]
[EventCountry "GER"]

1. d4 Nf6 2. c4 e6 3. Nf3 c5 4. e3 Ne4 5. Be2 Qa5+ 6. Nfd2 cxd4 7. exd4 Nc6 8.
O-O Nxd2 9. Bxd2 Bb4 10. Bc3 d5 11. a3 Bxc3 12. bxc3 O-O 13. Qc2 dxc4 14. Bxc4
b5 15. Bd3 g6 16. Nd2 Qc7 17. Nf3 Rd8 18. Qe2 a6 19. Be4 Bb7 20. Bxc6 Bxc6 21.
Ne5 Rac8 22. Qe3 Bd5 23. Rfc1 Qe7 24. Nd3 a5 25. Nc5 a4 26. Rab1 Bc4 27. Re1
Rd5 28. Qf3 Rf5 29. Qg3 Rg5 30. Qe3 Bd5 31. f3 Rh5 32. Qf4 Rf5 33. Qg3 Rxc5 34.
dxc5 Qxc5+ 35. Qf2 Qxa3 36. Qd4 Bc4 37. Qd8+ Qf8 38. Qxf8+ Kxf8 39. Ra1 Rd5 40.
Kf2 Rd2+ 41. Kg3 Ke7 42. Re3 Kd6 43. Ra3 Bf1 44. Kf4 Rxg2 45. Re1 Bc4 46. h4
Rd2 47. Raa1 Rd3 48. Red1 Kc5 49. Rxd3 Bxd3 50. Ke3 Kc4 51. Kd2 Bf5 52. Ra3 e5
53. Ke3 Bc2 54. Kd2 Bb3 55. Ra1 f5 56. Re1 a3 57. Ra1 a2 58. Re1 Ba4 59. Ra1
Kb3 60. Kc1 Ka3 0-1

[Event "Bez EM 2007"]
[Site "Osterode"]
[Date "2007.09.28"]
[Round "2.1"]
[White "Seifart, Mario"]
[Black "Markgraf, Stefan"]
[Result "1/2-1/2"]
[WhiteElo "1846"]
[BlackElo "2097"]
[PlyCount "70"]
[EventDate "2007.??.??"]
[EventType "swiss"]
[EventRounds "5"]
[EventCountry "GER"]

1. d4 Nf6 2. Nf3 e6 3. Bf4 d5 4. e3 Bd6 5. Bg3 O-O 6. Nbd2 c5 7. c3 c4 8. Qc2
Nc6 9. e4 Ne8 10. Be2 f5 11. Bxd6 Nxd6 12. exd5 exd5 13. O-O f4 14. b3 Bf5 15.
Qb2 b5 16. a4 a6 17. axb5 axb5 18. Rxa8 Qxa8 19. Ra1 Qe8 20. Bf1 Rf7 21. bxc4
bxc4 22. Re1 Re7 23. Rxe7 Nxe7 24. Ne5 Qb5 25. Qa3 Ndc8 26. Nexc4 Qb8 27. Ne5
Qa7 28. Qxa7 Nxa7 29. c4 Nac6 30. Ndf3 Be4 31. cxd5 Bxd5 32. Bc4 Bxc4 33. Nxc4
Kf7 34. Kf1 Ke6 35. Ng5+ Kf5 1/2-1/2

[Event "Bez EM 2007"]
[Site "Osterode"]
[Date "2007.09.28"]
[Round "2.2"]
[White "Pietsch, Michael"]
[Black "Braun, Ingram"]
[Result "1-0"]
[WhiteElo "2057"]
[BlackElo "1841"]
[PlyCount "51"]
[EventDate "2007.??.??"]
[EventType "swiss"]
[EventRounds "5"]
[EventCountry "GER"]

1. d4 d5 2. Nf3 Nf6 3. g3 g6 4. Bg2 Bg7 5. O-O O-O 6. c4 e6 7. Nc3 c6 8. Ne5
Nbd7 9. Bf4 Nh5 10. Qd3 Nxf4 11. gxf4 f6 12. Nf3 Rf7 13. Rfd1 Nf8 14. b4 Bd7
15. a4 Qe7 16. Rab1 Rd8 17. Rb3 Kh8 18. e3 Bc8 19. b5 dxc4 20. Qxc4 e5 21. bxc6
bxc6 22. Qxc6 exf4 23. e4 Qc7 24. Qb5 Qd6 25. Qb8 Rc7 26. Nd5 1-0

[Event "Bez EM 2007"]
[Site "Osterode"]
[Date "2007.09.28"]
[Round "2.3"]
[White "Wilting, Alexander"]
[Black "Geers, Bernhard"]
[Result "0-1"]
[WhiteElo "1836"]
[BlackElo "1996"]
[PlyCount "38"]
[EventDate "2007.??.??"]
[EventType "swiss"]
[EventRounds "5"]
[EventCountry "GER"]

1. e4 c6 2. d4 d5 3. Nc3 dxe4 4. Nxe4 Nf6 5. Nxf6+ gxf6 6. Bf4 Bf5 7. Qd2 Nd7
8. Nf3 Bg7 9. d5 Ne5 10. O-O-O Be4 11. Bxe5 fxe5 12. Bc4 Qd6 13. Qa5 Qg6 14.
dxc6 bxc6 15. Nxe5 Qg5+ 16. f4 Qxf4+ 17. Kb1 Qxe5 18. Qa3 a5 19. Rhf1 O-O 0-1

[Event "Bez EM 2007"]
[Site "Osterode"]
[Date "2007.09.28"]
[Round "2.4"]
[White "Helmke, Carsten"]
[Black "Rüggeberg, Jan"]
[Result "1-0"]
[WhiteElo "1992"]
[BlackElo "1824"]
[PlyCount "27"]
[EventDate "2007.??.??"]
[EventType "swiss"]
[EventRounds "5"]
[EventCountry "GER"]

1. Nf3 h6 2. e4 d6 3. d4 g5 4. h3 Bg7 5. Nc3 a6 6. Be3 Nf6 7. Be2 g4 8. hxg4
Nxg4 9. Bf4 Nc6 10. d5 e5 11. dxc6 exf4 12. Nd4 Qg5 (12... bxc6 13. Nxc6 Bxc3+
14. bxc3 Qg5) 13. cxb7 Ne3 14. bxa8=Q 1-0

[Event "Bez EM 2007"]
[Site "Osterode"]
[Date "2007.09.28"]
[Round "2.7"]
[White "Tietze, Manfred"]
[Black "Henke, Wolfgang"]
[Result "1-0"]
[WhiteElo "1896"]
[BlackElo "1600"]
[PlyCount "70"]
[EventDate "2007.??.??"]
[EventType "swiss"]
[EventRounds "5"]
[EventCountry "GER"]

1. e4 d6 2. d4 g6 3. Nc3 Bg7 4. Be2 Nd7 5. f4 e6 6. Nf3 Ne7 7. Be3 O-O 8. Qd2
c6 9. h4 h5 10. O-O-O d5 11. Ne5 Nf6 12. g4 hxg4 13. Nxg4 Nxg4 14. Bxg4 f5 15.
exf5 Nxf5 16. Bxf5 exf5 17. h5 gxh5 18. Rxh5 Kf7 19. Rg1 Qf6 20. Nd1 Be6 21.
Rh7 Rg8 22. Nf2 c5 23. Nd3 Rac8 24. Ne5+ Ke8 25. Rg6 Qe7 26. Qg2 Rc7 27. dxc5
b6 28. cxb6 axb6 29. Bd4 Kf8 30. Nf3 Qd6 31. Rgxg7 Rgxg7 32. Rxg7 Qxf4+ 33. Kd1
Rc4 34. c3 Qe4 35. Qg3 Qxf3+ 1-0

[Event "Bez EM 2007"]
[Site "Osterode"]
[Date "2007.09.28"]
[Round "2.8"]
[White "Grosse, Stefan"]
[Black "Schubert, Matthias"]
[Result "0-1"]
[WhiteElo "1673"]
[BlackElo "1891"]
[PlyCount "44"]
[EventDate "2007.??.??"]
[EventType "swiss"]
[EventRounds "5"]
[EventCountry "GER"]

1. e4 c5 2. Nf3 d6 3. d4 cxd4 4. Nxd4 Nf6 5. Nc3 g6 6. Be2 Bg7 7. f3 Nc6 8. g4
h5 9. h4 Qb6 10. Be3 Nxg4 11. Nf5 Nxe3 12. Nxg7+ Kf8 13. Qd2 Kxg7 14. Bd3 Ne5
15. Qe2 Qxb2 16. Kd2 Nxd3 17. Kxd3 Nc4 18. Kxc4 Be6+ 19. Nd5 Rhc8+ 20. Kd3 Bxd5
21. exd5 Qc3+ 22. Ke4 Qe5+ 0-1

[Event "Bez EM 2007"]
[Site "Osterode"]
[Date "2007.09.28"]
[Round "2.10"]
[White "Marks, Udo"]
[Black "Renziehausen, Klaus"]
[Result "0-1"]
[WhiteElo "1723"]
[BlackElo "1467"]
[PlyCount "50"]
[EventDate "2007.??.??"]
[EventType "swiss"]
[EventRounds "5"]
[EventCountry "GER"]

1. e4 e5 2. f4 d6 3. Bc4 Nf6 4. d3 Nc6 5. Nf3 Be7 6. f5 Na5 7. Bb3 Nxb3 8. axb3
b6 9. O-O Bb7 10. Nc3 O-O 11. h3 Re8 12. g4 h6 13. Be3 d5 14. Qc1 d4 15. Bxh6
gxh6 16. g5 hxg5 17. Qxg5+ Kh8 18. Nxe5 Rg8 19. Ng6+ fxg6 20. Qh6+ Nh7 21. fxg6
Rg7 22. Ne2 Qd6 (22... Bg5 23. Qh5 Be3+ 24. Kh1 Qg5) 23. Nf4 Bg5 24. e5 Qc6 25.
Qh5 Bxf4 0-1

[Event "Bez EM 2007"]
[Site "Osterode"]
[Date "2007.09.28"]
[Round "2.11"]
[White "Thiele, Olaf"]
[Black "Krumschmidt, Michael"]
[Result "0-1"]
[WhiteElo "1384"]
[BlackElo "1708"]
[PlyCount "74"]
[EventDate "2007.??.??"]
[EventType "swiss"]
[EventRounds "5"]
[EventCountry "GER"]

1. d4 d5 2. c4 e6 3. cxd5 exd5 4. Nf3 Be7 5. Nc3 c6 6. Bf4 Nf6 7. e3 Bf5 8. Bd3
Bg4 9. h3 Bh5 10. O-O O-O 11. Be2 Qb6 12. Rb1 Nbd7 13. Ne5 Nxe5 14. Bxe5 Bg6
15. Bd3 Bxd3 16. Qxd3 Nd7 17. Bh2 Rac8 18. Rfc1 Rfd8 19. a3 Nf6 20. b4 Bd6 21.
Bxd6 Rxd6 22. Na4 Qc7 23. Qb3 Ne4 24. Nc5 Nd2 25. Qb2 Nxb1 26. Qxb1 Rg6 27. Nd3
Qe7 28. Nf4 Rd6 29. b5 g5 30. Nh5 Qd7 31. bxc6 Rdxc6 32. Rd1 Qe7 33. Ng3 Rc2
34. Rf1 b6 35. a4 Qd7 36. Qa1 R2c4 37. Nh5 Qc6 0-1

[Event "Bez EM 2007"]
[Site "Osterode"]
[Date "2007.09.28"]
[Round "2.6"]
[White "Wiegand, Christian"]
[Black "Geiser, Kirsten-Horst"]
[Result "1-0"]
[WhiteElo "1779"]
[BlackElo "1623"]
[PlyCount "31"]
[EventDate "2007.??.??"]
[EventType "swiss"]
[EventRounds "5"]
[EventCountry "GER"]

1. Nf3 d5 2. d4 Nf6 3. c4 Bg4 4. Ne5 e6 5. Bg5 Bh5 6. cxd5 exd5 7. Qb3 b6 8. e3
c6 9. Nc3 h6 10. Bh4 Be7 11. Qa4 Qd6 12. Bd3 O-O 13. O-O b5 14. Qc2 Nbd7 15.
Bg3 Ne8 16. Bh7+ 1-0

[Event "Bez EM 2007"]
[Site "Osterode"]
[Date "2007.09.28"]
[Round "2.5"]
[White "Beulshausen, Ralf"]
[Black "Jacobi, Felix-Hagen"]
[Result "1/2-1/2"]
[WhiteElo "1604"]
[BlackElo "1914"]
[PlyCount "42"]
[EventDate "2007.??.??"]
[EventType "swiss"]
[EventRounds "5"]
[EventCountry "GER"]

1. e4 e6 2. Nf3 d5 3. Nc3 c5 4. exd5 exd5 5. d4 Nf6 6. Be3 c4 7. Be2 Bf5 8. O-O
Bb4 9. Ne5 Bxc3 10. bxc3 Ne4 11. Bd2 O-O 12. f3 Nxd2 13. Qxd2 f6 14. Ng4 Qd7
15. Ne3 Na6 16. g4 Bg6 17. f4 Be4 18. Bf3 Rae8 19. Qg2 Nc7 20. Bxe4 Rxe4 21.
Nxc4 Re3 1/2-1/2

[Event "Bez EM 2007"]
[Site "Osterode"]
[Date "2007.09.29"]
[Round "3.1"]
[White "Geers, Bernhard"]
[Black "Pietsch, Michael"]
[Result "1/2-1/2"]
[WhiteElo "1996"]
[BlackElo "2057"]
[PlyCount "75"]
[EventDate "2007.??.??"]
[EventType "swiss"]
[EventRounds "5"]
[EventCountry "GER"]

1. d4 Nf6 2. c4 e6 3. Nf3 b6 4. Nc3 Bb4 5. Bg5 h6 6. Bh4 Bxc3+ 7. bxc3 Bb7 8.
Nd2 d6 9. f3 Nbd7 10. e4 e5 11. Be2 O-O 12. Nf1 Qe8 13. g4 c6 14. d5 cxd5 15.
cxd5 Rc8 16. Ne3 g6 17. Bb5 a6 18. Bxd7 Nxd7 19. Qd2 Kh7 20. Bf2 Nf6 21. g5 Nh5
22. Ng4 Qb5 23. Be3 hxg5 24. h4 f5 25. hxg5 f4 26. Bd4 exd4 27. Qxd4 Qc5 28.
Nf6+ Rxf6 29. gxf6 Kg8 30. Ke2 Kf7 31. Rag1 Qxd4 32. cxd4 Nxf6 33. Rc1 Ne8 34.
Rh7+ Ng7 35. Rxc8 Bxc8 36. Rh8 Ne8 37. Rh7+ Ng7 38. Rh8 1/2-1/2

[Event "Bez EM 2007"]
[Site "Osterode"]
[Date "2007.09.29"]
[Round "3.2"]
[White "Markgraf, Stefan"]
[Black "Helmke, Carsten"]
[Result "1/2-1/2"]
[WhiteElo "2097"]
[BlackElo "1992"]
[PlyCount "109"]
[EventDate "2007.??.??"]
[EventType "swiss"]
[EventRounds "5"]
[EventCountry "GER"]

1. e4 e5 2. Nf3 Nc6 3. d4 exd4 4. Nxd4 Bc5 5. Nxc6 Qf6 6. Qf3 Qxf3 7. gxf3 bxc6
8. Be3 Bb6 9. Nd2 Ne7 10. Rg1 O-O 11. O-O-O d5 12. c4 Bxe3 13. fxe3 Be6 14. f4
f6 15. exd5 cxd5 16. e4 c6 17. Re1 dxe4 18. Rxe4 Kf7 19. Bd3 Rad8 20. Kc2 Rxd3
21. Kxd3 Bf5 22. Kc3 Bxe4 23. Nxe4 Ng6 24. Nd6+ Ke6 25. c5 f5 26. Rf1 Ne7 27.
Kd4 Rb8 28. b3 Rb4+ 29. Nc4 Nd5 30. Rf3 g6 31. a3 Rb5 32. b4 Rb8 33. Ne3 Nc7
34. Kc4 a6 35. Rh3 h5 36. Rg3 Kf6 37. Nc2 Nd5 38. Nd4 Nxf4 39. Nxc6 Rc8 40. b5
axb5+ 41. Kxb5 h4 42. Rf3 Ne6 43. Rf1 g5 44. Rxf5+ Kxf5 45. Ne7+ Ke5 46. Nxc8
g4 47. Nb6 g3 48. hxg3 h3 49. Nc4+ Kd4 50. Nd2 Ke3 51. Nf1+ Kf2 52. Nh2 Kg2 53.
Ng4 Kxg3 54. Ne3 Kf3 55. Nf1 1/2-1/2

[Event "Bez EM 2007"]
[Site "Osterode"]
[Date "2007.09.29"]
[Round "3.3"]
[White "Jacobi, Felix-Hagen"]
[Black "Seifart, Mario"]
[Result "0-1"]
[WhiteElo "1914"]
[BlackElo "1846"]
[PlyCount "116"]
[EventDate "2007.??.??"]
[EventType "swiss"]
[EventRounds "5"]
[EventCountry "GER"]

1. e4 e6 2. d4 d5 3. exd5 exd5 4. Bd3 Bd6 5. Nc3 Ne7 6. Qf3 Nbc6 7. Nge2 Nb4 8.
Bf4 Nxd3+ 9. Qxd3 Bxf4 10. Nxf4 c6 11. O-O-O Qd6 12. Qd2 Bf5 13. Rde1 O-O-O 14.
Re2 g5 15. Nd3 Bxd3 16. Qxd3 Qf4+ 17. Re3 Ng6 18. Nd1 g4 19. Kb1 Rde8 20. Rhe1
Rxe3 21. Rxe3 Kd7 22. g3 Qf6 23. f3 h5 24. c3 Ne7 25. Nf2 Nf5 26. Re5 Nd6 27.
f4 Nc4 28. Ne4 dxe4 29. Qxc4 h4 30. d5 hxg3 31. hxg3 e3 32. dxc6+ bxc6 33. Qd3+
Qd6 34. Qxd6+ Kxd6 35. Rxe3 Rh2 36. Kc1 Rg2 37. f5 Kd5 38. Re7 f6 39. Re6 Rxg3
40. Kd2 Rg2+ 41. Ke3 Rxb2 42. Kf4 Rxa2 43. Rxf6 Ra4+ 44. Kg5 g3 45. Rg6 g2 46.
Kf6 Ra2 47. Kg7 Rf2 48. Kf6 a5 49. Rg5 Kd6 50. Rg6 a4 51. Kg7+ Ke5 52. f6 Rxf6
53. Rxg2 Rf4 54. Ra2 Kd5 55. Kg6 Rc4 56. Ra3 Ke4 57. Kf6 Kd3 58. Ke5 Kc2 0-1

[Event "Bez EM 2007"]
[Site "Osterode"]
[Date "2007.09.29"]
[Round "2.5"]
[White "Krumschmidt, Michael"]
[Black "Tietze, Manfred"]
[Result "1-0"]
[WhiteElo "1708"]
[BlackElo "1896"]
[PlyCount "69"]
[EventDate "2007.??.??"]
[EventType "swiss"]
[EventRounds "5"]
[EventCountry "GER"]

1. d4 d5 2. c4 Nc6 3. cxd5 Qxd5 4. Nf3 Bg4 5. Nc3 Qd7 6. e3 Bxf3 7. Qxf3 Nf6 8.
Bb5 e6 9. a3 Be7 10. O-O O-O 11. Rd1 a6 12. Ba4 b5 13. Bc2 Rfd8 14. Ne4 Rab8
15. b4 Nd5 16. Nc5 Bxc5 17. dxc5 f5 18. Bb2 Qf7 19. e4 Nde7 20. exf5 Kh8 21. f6
Nd5 22. fxg7+ Kg8 23. Bxh7+ Kxh7 24. Qh3+ Kg6 25. Qg4+ Kh6 26. Qh4+ Qh5 27. Qe4
Qf5 28. Qh4+ Kg6 29. Qg3+ Kf7 30. Rd3 Nf4 31. g8=Q+ Rxg8 32. Rd7+ Ne7 33. Qh4
Rbe8 34. g3 Qe4 35. Qf6# 1-0

[Event "Bez EM 2007"]
[Site "Osterode"]
[Date "2007.09.29"]
[Round "2.6"]
[White "Schubert, Matthias"]
[Black "Wiegand, Christian"]
[Result "1-0"]
[WhiteElo "1891"]
[BlackElo "1779"]
[PlyCount "69"]
[EventDate "2007.??.??"]
[EventType "swiss"]
[EventRounds "5"]
[EventCountry "GER"]

1. e4 c5 2. Nf3 e6 3. d4 cxd4 4. Nxd4 Nc6 5. Be2 Nf6 6. Bf3 Ne5 7. O-O Nxf3+ 8.
Qxf3 d5 9. e5 Ne4 10. Nd2 Qc7 11. Nxe4 Qxe5 12. Ng5 f6 13. Ngxe6 Bxe6 14. Nxe6
Qxe6 15. Bf4 Qc6 16. Rfe1+ Kf7 17. Rad1 Rd8 18. Re2 Be7 19. Rde1 Rd7 20. c3 Bd8
21. Be3 a6 22. Rd1 Bc7 23. Qh5+ g6 24. Qh6 Bd6 25. Bd4 Bf8 26. Qh3 Bg7 27. Rde1
Bf8 28. Re8 Rd6 29. R1e7+ Bxe7 30. Rxh8 h5 31. Rh7+ Kf8 32. Qg3 f5 33. Qf4 Qd7
34. Qh6+ Ke8 35. Rh8+ 1-0

[Event "Bez EM 2007"]
[Site "Osterode"]
[Date "2007.09.29"]
[Round "2.7"]
[White "Geiser, Kirsten-Horst"]
[Black "Wilting, Alexander"]
[Result "0-1"]
[WhiteElo "1623"]
[BlackElo "1836"]
[PlyCount "124"]
[EventDate "2007.??.??"]
[EventType "swiss"]
[EventRounds "5"]
[EventCountry "GER"]

1. f4 d5 2. Nf3 Bg4 3. e3 Nd7 4. Be2 Ngf6 5. b3 e6 6. Bb2 Bxf3 7. Bxf3 Bd6 8.
d4 c5 9. g3 Rc8 10. O-O O-O 11. Nd2 cxd4 12. exd4 b5 13. c3 Nb6 14. a3 Qe7 15.
Qe2 Rb8 16. Qd3 Qd7 17. Be2 a6 18. Qf3 Ne8 19. Bd3 f5 20. Rfe1 Nf6 21. Qe2 Ne4
22. Bxe4 fxe4 23. c4 bxc4 24. bxc4 Bc7 25. c5 Na4 26. Bc1 Nc3 27. Qe3 Nb5 28.
Nb3 Na7 29. Bd2 Nc6 30. Reb1 Rb7 31. Bc3 Rfb8 32. Nd2 Qc8 33. Rxb7 Rxb7 34. Rb1
Rxb1+ 35. Nxb1 Qb7 36. Nd2 Qb5 37. Kf2 Qa4 38. Bb2 Ba5 39. Qb3 Qxb3 40. Nxb3
Kf7 41. Ke2 h5 42. Nc1 Kf6 43. Na2 g5 44. Ke3 gxf4+ 45. gxf4 Kf5 46. Bc3 Bc7
47. h3 Bxf4+ 48. Kf2 a5 49. Nb4 axb4 50. axb4 e5 51. dxe5 Bxe5 52. Be1 Na7 53.
Ke2 Nb5 54. Kd1 d4 55. Kc2 Ke6 56. Kb3 Kd5 57. Bh4 e3 58. Be1 d3 59. Bh4 Bc3
60. Ka4 Kc4 61. c6 Bxb4 62. Bg3 Nc3# 0-1

[Event "Bez EM 2007"]
[Site "Osterode"]
[Date "2007.09.29"]
[Round "3.8"]
[White "Rüggeberg, Jan"]
[Black "Renziehausen, Klaus"]
[Result "1-0"]
[WhiteElo "1824"]
[BlackElo "1467"]
[PlyCount "49"]
[EventDate "2007.??.??"]
[EventType "swiss"]
[EventRounds "5"]
[EventCountry "GER"]

1. e4 e5 2. f4 d6 3. Nc3 Nf6 4. Nf3 Nc6 5. Bb5 Bd7 6. O-O Qe7 7. d3 g6 8. f5
Bg7 9. Ng5 h6 10. Nxf7 Qxf7 11. Bc4 Qe7 12. fxg6 O-O-O 13. Nd5 Nxd5 14. Rf7 Qe6
15. Rxg7 Qf6 16. Rf7 Qxg6 17. Bxd5 Bh3 18. Qf3 Bg4 19. Qf6 Qh5 20. Be3 a6 21.
Qg7 Kb8 22. Rxc7 Bc8 23. Bxc6 bxc6 24. Ra7 c5 25. Qc7# 1-0